LIBRARY ONLINE CATALOGUE

Microfinance (Record no. 16712)

MARC details
000 -LEADER
fixed length control field 00430nam a22001697a 4500
003 - CONTROL NUMBER IDENTIFIER
control field OSt
005 - DATE AND TIME OF LATEST TRANSACTION
control field 20180316161326.0
008 - FIXED-LENGTH DATA ELEMENTS--GENERAL INFORMATION
fixed length control field 180316b xxu||||| |||| 00| 0 eng d
020 ## - INTERNATIONAL STANDARD BOOK NUMBER
International Standard Book Number 9781847209207
040 ## - CATALOGING SOURCE
Transcribing agency kabu
050 ## - LIBRARY OF CONGRESS CALL NUMBER
Classification number HG 178.3
Item number .M53 2008 C.1
245 ## - TITLE STATEMENT
Title Microfinance
Statement of responsibility, etc. Emerging Trends and Challenges
260 ## - PUBLICATION, DISTRIBUTION, ETC. (IMPRINT)
Place of publication, distribution, etc. USA
Name of publisher, distributor, etc. Edward Elgar
Date of publication, distribution, etc. 2008
300 ## - PHYSICAL DESCRIPTION
Extent xi, 130p.
650 ## - SUBJECT ADDED ENTRY--TOPICAL TERM
Topical term or geographic name as entry element Microfinance
942 ## - ADDED ENTRY ELEMENTS (KOHA)
Source of classification or shelving scheme Library of Congress Classification
Koha item type General Collection
Holdings
Withdrawn status Lost status Source of classification or shelving scheme Not for loan Home library Current library Date acquired Inventory number Total Checkouts Full call number Barcode Date last seen Copy number Price effective from Koha item type
    Library of Congress Classification   Kabarak, Main Campus Kabarak, Main Campus 16/03/2018 2018/2135   HG 178.3 .M53 2008 C.1 024745 16/03/2018 C. 1 16/03/2018 General Collection
    Library of Congress Classification   Kabarak, Main Campus Kabarak, Main Campus 16/03/2018 2018/2136   HG 178.3 .M53 2008 C.2 024855 16/03/2018 C. 2 16/03/2018 General Collection